Venustiano Carranza frente al Congreso Constituyente

Detalles Bibliográficos
Formato: eBook
Lenguaje:español
Publicado: Ciudad de Mx̌ico: Cm̀ara de Diputados, 2016
Materias:
Acceso en línea:Acceso restringido

MARC

LEADER 00000nam a22000007a 4500
005 20170929182128.0
007 cr|||| ||||
008 170929s2016 mx |||||s|||| 00||0 spa d
020 |a 978-607-9423-67-4 
035 |a 20642 
040 |a vLex 
090 |c 7033  |d 7033 
245 0 0 |a Venustiano Carranza frente al Congreso Constituyente  |h [Recurso electrn̤ico] 
256 |a Servicio en ln̕ea 
260 |a Ciudad de Mx̌ico:  |b Cm̀ara de Diputados,  |c 2016 
300 |a 1 recurso electrn̤ico 
506 1 |a Disponible solo en los productos indicados  |d vLex Global  |d vLex Global (Academic Edition, excluding Law Schools)  |d vLex Global (U.S. Academic Edition, Law Schools)  |d vLex Global (U.S. Academic Edition, excluding Law Schools)  |d vLex Global (Academic Edition, Law Schools) 
650 0 4 |a Derecho constitucional  |z Mx̌ico 
740 0 |a vLex libros (Servicio en ln̕ea) 
856 4 0 |u http://vlex.com/source/venustiano-carranza-frente-al-congreso-constituyente-20642  |z Acceso restringido 
942 |c BOOK 
999 0 |a Constitutional law